ბათუმის შოთა რუსთაველის სახელმწიფო უნივერსიტეტის ბიბლიოთეკა

სამსახეობა რაინდისა (ბიბ.ჩანაწერი № 43346)

000 -LEADER
fixed length control field 00718nam a2200229Ia 4500
001 - CONTROL NUMBER
control field 10074
003 - CONTROL NUMBER IDENTIFIER
control field GE_BSU
008 - FIXED-LENGTH DATA ELEMENTS--GENERAL INFORMATION
fixed length control field 181216s||||||||xx |||||||||||||| ||und||
040 ## - CATALOGING SOURCE
Transcribing agency GE_BSU
080 ## - UNIVERSAL DECIMAL CLASSIFICATION NUMBER
Universal Decimal Classification number 821.353.1–2
245 ## - TITLE STATEMENT
Title სამსახეობა რაინდისა
245 ## - TITLE STATEMENT
Remainder of title პიესა
245 ## - TITLE STATEMENT
Statement of responsibility, etc. რედ.რ.გვეტაძე
260 ## - PUBLICATION, DISTRIBUTION, ETC.
Place of publication, distribution, etc. თბილისი
260 ## - PUBLICATION, DISTRIBUTION, ETC.
Name of publisher, distributor, etc. საბჭოთა მწერალი
260 ## - PUBLICATION, DISTRIBUTION, ETC.
Date of publication, distribution, etc. 1947
300 ## - PHYSICAL DESCRIPTION
Extent 110გვ.22სმ.
300 ## - PHYSICAL DESCRIPTION
Accompanying material ბიბლ.:ლიტერატურა წანართში
653 ## - INDEX TERM--UNCONTROLLED
Uncontrolled term პიესა
653 ## - INDEX TERM--UNCONTROLLED
Uncontrolled term სამსახეობა რაინდისა
942 ## - ADDED ENTRY ELEMENTS (KOHA)
Koha item type წიგნი
ეგზემპლარები
Withdrawn status Lost status Damaged status Not for loan Date acquired Barcode Date last seen Price effective from Koha item type
        2018-12-17 33619 2018-12-17 2018-12-17 წიგნი
        2018-12-17 33634 2018-12-17 2018-12-17 წიგნი